01248 a2200181 45000010006000000050017000060080041000230030015000640400040000790800031001192450058001502500012002082640033002203000023002535050672002761000031009488560087009792752120260407155550.0260407a2000 arg spa dAR-UNSa-BCEJYS aAR-UNSa-BCEJYSbspacAR-UNSa-BCEJYS a349.2xDerecho del Trabajo10aCurso de derecho del trabajo y de la seguridad social a4a. ed. 1aBuenos Aires :bAstreac2000 alv, 900 p.c20 cm. a1. El trabajo humano - 2. Política social y laboral - 3. Derecho del trabajo. Fundamentos - 4. Relación jurídica individual - 5. Desarrollo de la relación - 6. Alteraciones en el desarrollo de la relación - 7. Extinción de la relación laboral - 8. Relaciones jurídicas colectivas - 9. Relación de asociación - 10. Relación de negociación - 11. Relación de conflicto - 12. Relaciones jurídicas con el estado - 13. Derecho Internacional Público - 14. Prescripción y caducidad - 15. Seguridad social - 16. Instituciones jurídicas de la seguridad social - 17. Sistema legal argentino - 18. Régimen contencioso de la seguridad social - 1 aRodríguez Mancini, Jorge41uhttps://170.210.207.44/pmb/images/libros/L86067.jpgyImagen de portadaqimage/jpeg